الامام الغزالي : وعلاقة اليقين بالعقل

Bibliographic Details
Main Author: فيومي, محمد ابراهيم (Author)
Format: Book
Published: Qahirah : Dar al-Fikr al-`Arabi , [1986]
Subjects:

MARC

LEADER 00000cam a2200000 7i4500
001 0000030737
005 20061214093000.0
008 021119s1986
090 0 0 |a B753.G34   |b F39 
100 0 |a فيومي, محمد ابراهيم ,   |e author 
241 0 3 |a al-Imam al-Ghazali wa `alaqat al-yaqin bi-al-'aql 
245 1 2 |a الامام الغزالي :   |b وعلاقة اليقين بالعقل   |c محمد ابراهيم الفيومي 
260 2 |a Qahirah :   |b Dar al-Fikr al-`Arabi ,   |c [1986] 
300 |a 246 p. ;   |c 24 cm. 
504 |a Includes bibliographical references 
600 0 0 |a Ghazzali ,   |d 1058-1111 
650 0 |a Faith and reason   |x Islam 
999 |a 1000070692   |b Book   |c OPEN SHELF (30 DAYS)   |e Gong Badak Campus